[Event "Cesme op 4th"]
[Site "Cesme"]
[Date "2016.06.20"]
[Round "2"]
[White "Arpaci, Aytac"]
[Black "Akat, Adnan"]
[Result "1-0"]
[WhiteElo "1510"]
[BlackElo "1696"]
[PlyCount "65"]
[EventDate "2016.06.20"]
[EventType "swiss"]
[EventRounds "9"]
[EventCountry "TUR"]
[SourceTitle "CBM 173 Extra"]
[Source "ChessBase"]
[SourceDate "2016.08.29"]
[SourceVersion "1"]
[SourceVersionDate "2016.08.29"]
[SourceQuality "1"]

1. d4 Nf6 2. c4 e6 3. Nc3 d5 4. cxd5 exd5 5. Bg5 Be7 6. e3 Bf5 7. Qb3 Nbd7 8. Nf3 Nb6 9. Be2 0-0 10. 0-0 c6 11. Ne5 Ne4 12. Bxe7 Qxe7 13. Nxe4 Bxe4 14. Rac1 Qg5 15. f3 Bf5 16. f4 Qe7 17. Rf3 f6 18. Nd3 Nc4 19. Rxc4 dxc4 20. Qxc4+ Qe6 21. Nc5 Qxc4 22. Bxc4+ Kh8 23. Nxb7 Be4 24. Rf2 Bd5 25. b3 Rfe8 26. Re2 g6 27. Kf2 Re7 28. Nc5 Rb8 29. e4 Rbe8 30. exd5 cxd5 31. Rxe7 Rxe7 32. Bxd5 Rd7 33. Nxd7 1-0